The Chagga and Meru of Tanzania / (Record no. 12663)
[ view plain ]
| 000 -LEADER | |
|---|---|
| fixed length control field | 00657nam a22002172 4500 |
| 001 - CONTROL NUMBER | |
| control field | 0000001886 |
| 005 - DATE AND TIME OF LATEST TRANSACTION | |
| control field | 20151217155814.0 |
| 008 - FIXED-LENGTH DATA ELEMENTS--GENERAL INFORMATION | |
| fixed length control field | 070328s xx 000 0 eng d |
| 020 ## - INTERNATIONAL STANDARD BOOK NUMBER | |
| International Standard Book Number | 0853020515 : |
| 040 ## - CATALOGING SOURCE | |
| Original cataloging agency | KABU |
| Transcribing agency | KABU |
| 050 #0 - LIBRARY OF CONGRESS CALL NUMBER | |
| Classification number | DT443.3 |
| Item number | .W33M66 |
| 100 1# - MAIN ENTRY--PERSONAL NAME | |
| Personal name | Moore, Sally Falk. |
| -- | 0000150962 |
| 245 14 - TITLE STATEMENT | |
| Title | The Chagga and Meru of Tanzania / |
| Statement of responsibility, etc. | Sally Falk Moore and Paul Puritt. |
| 260 ## - PUBLICATION, DISTRIBUTION, ETC. (IMPRINT) | |
| Place of publication, distribution, etc. | London : |
| Name of publisher, distributor, etc. | IAI, |
| Date of publication, distribution, etc. | 1977. |
| 300 ## - PHYSICAL DESCRIPTION | |
| Extent | xii, 140 p. |
| 600 10 - SUBJECT ADDED ENTRY--PERSONAL NAME | |
| Personal name | Wachaga (African people) |
| -- | 0000150963 |
| 600 10 - SUBJECT ADDED ENTRY--PERSONAL NAME | |
| Personal name | Meru (African people) |
| -- | 0000149273 |
| 908 ## - PUT COMMAND PARAMETER (RLIN) | |
| Put command parameter | 070328 |
| 950 ## - LOCAL HOLDINGS (RLIN) | |
| -- | 1 |
| Withdrawn status | Lost status | Source of classification or shelving scheme | Not for loan | Home library | Current library | Date acquired | Total Checkouts | Full call number | Barcode | Date last seen | Price effective from | Koha item type |
|---|---|---|---|---|---|---|---|---|---|---|---|---|
| Library of Congress Classification | Kabarak, Main Campus | Kabarak, Main Campus | 17/12/2015 | DT443.3 .W33M66 | 001800 | 17/12/2015 | 17/12/2015 | Africana Collection |